Lenguas Eslavas - Estadísticas

Estadísticas generales
  • Esta prueba ha sido intentada 4.365 veces
  • La puntuación promedio es 8 de 10
Estadísticas de respuestas
Hablantes Nativoa Lenguaje % Correcto
155 mil Ruso
97%
30 mil Ucraniano
90%
19 mil Serbo-Croata
86%
40 mil Polaco
81%
7.6 mil Bielorruso
80%
9 mil Búlgaro
79%
5.5 mil Eslovaco
77%
10 mil Checo
72%
2.1 mil Esloveno
71%
2 mil Macedonio
58%
No se encontraron pruebas coincidentes
Distribución de puntuación
Porcentaje de gente con cada puntuación
Porcentaje por número respondido
Historial de tus puntuaciones
No has intentado esta prueba.